Auckland Regional Parks Multi Choice on a Map - Statistics

General Stats
  • This quiz has been taken 126 times
  • The average score is 6 of 10
Answers on the Map
Answers color-coded by a green-red scale on the quiz's map according to % correct below.
 
Answer Stats
Answer % Correct
Ambury
100%
Āwhitu
100%
Motukorea / Browns Island
100%
Waitākere Ranges
100%
Wenderholm
100%
Mutukaroa / Hamlins Hill
89%
Duder
83%
Long Bay
83%
Tāwharanui
83%
Hunua Ranges
80%
Shakespear
75%
Glenfern Sanctuary
63%
Muriwai
63%
Pākiri
63%
Auckland Botanic Gardens
60%
Waharau
57%
Ōmana
50%
Scandrett
50%
Te Ārai
50%
Whakatīwai
43%
Ātiu Creek
40%
Waitawa
29%
Tapapakanga
25%
Tawhitokino
17%
Te Rau Pūriri
17%
Mahurangi
0%
Whakanewha
0%
No matching quizzes found
Score Distribution
Percent of People with Each Score
Percentile by Number Answered
Your Score History
You have not taken this quiz